|
|
|
|
| LEADER |
00000nam a2200000 a 4500 |
| 001 |
vtls008625516 |
| 003 |
SK-MaSNL |
| 005 |
20260302054723.0 |
| 008 |
251124s2005 pl al g 001 0 pol |
| 020 |
|
|
|a 837306236X
|q (brož.)
|
| 040 |
|
|
|a SNK
|b slo
|c SNK
|e AACR2
|
| 041 |
0 |
|
|a pol
|
| 043 |
|
|
|a e-pl---
|
| 044 |
|
|
|a pl
|c PL
|
| 072 |
|
7 |
|a 929
|x Biografie
|2 konspekt
|
| 072 |
|
7 |
|a 3
|x Společenské vedy
|2 konspekt
|
| 080 |
|
|
|a 33-051
|2 2001
|
| 080 |
|
|
|a 929
|2 2001
|
| 080 |
|
|
|a (438)
|2 2001
|
| 080 |
|
|
|a (082)
|2 2001
|
| 245 |
0 |
0 |
|a Władysław Grabski - uczony i mąż stanu
|c redakcja Jan Konefał, Stanisław Wójcik
|
| 260 |
|
|
|a Lublin
|b Towarzystwo Naukowe Katolickiego Uniwersytetu Lubelskiego
|c c2005
|
| 300 |
|
|
|a 215 s.
|b fotogr., tab.
|c 24 cm
|
| 490 |
1 |
|
|a Źródła i monografie / Towarzystwo Naukowe Katolickiego Uniwersytetu Lubelskiego
|v 282
|
| 600 |
1 |
7 |
|a Grabski, Władysław,
|d 1874-1938
|2 SNKMA
|9 714288
|
| 648 |
|
7 |
|a 20. stor.
|2 SNKPH
|9 275975
|
| 650 |
0 |
7 |
|a ekonómovia
|2 SNKPH
|9 56910
|
| 650 |
0 |
7 |
|a politici
|2 SNKPH
|9 2679
|
| 651 |
|
7 |
|a Poľsko
|2 SNKPH
|9 16755
|
| 655 |
|
7 |
|a zborníky
|2 SNKPH
|9 70165
|
| 700 |
1 |
|
|a Konefał, Jan,
|d 1953-
|4 red
|9 714289
|
| 700 |
1 |
|
|a Wójcik, Stanisław
|4 red
|9 710025
|
| 810 |
2 |
|
|a Katolicki Uniwersytet Lubelski
|b Towarzystwo Naukowe
|t Źródła i monografie
|9 303736
|
| 919 |
|
|
|a 83-7306-236-X
|
| 999 |
|
|
|c 1114421
|d 1116351
|
| 952 |
|
|
|a SNK
|b SNK
|y VYP
|7 0
|p 17A0501403
|o snkIC 133077
|i snk2006/5692
|8 2
|g 7.63
|0 0
|1 0
|4 0
|d 2006-02-23
|l 0
|r 2026-02-24 18:11:58
|w 2026-02-24
|